Minnesota Timberwolves Roster 2024 - Statistics

General Stats
  • This quiz has been taken 121 times
  • The average score is 11 of 17
Answer Stats
Hint Answer % Correct
#5 Anthony Edwards
97%
#32 Karl-Anthony Towns
93%
#27 Rudy Gobert
93%
#3 Jaden McDaniels
90%
#10 Mike Conley
89%
#11 Naz Reid
85%
#9 Nickeil Alexander-Walker
78%
#55 Luke Garza
74%
#1 Kyle Anderson
70%
#8 Josh Minott
51%
#23 Monte Morris
50%
#6 Jordan McLaughlin
48%
#33 Leonard Miller
47%
#12 Daishen Nix
46%
#0 Jaylen Clark
43%
#7 Wendell Moore
35%
#24 T.J. Warren
33%
No matching quizzes found
Score Distribution
Percent of People with Each Score
Percentile by Number Answered
Your Score History
You have not taken this quiz